000 00538nam a2200193Ia 4500
008 240729s9999 xx 000 0 und d
022 _a2190-5029
245 0 _aHistory of Geo- and Space Sciences
260 _aGermany
260 _bCopernicus Publications
650 _a Dynamic and structural geology | Science
650 _a Geology
650 _a Geophysics. Cosmic physics
650 _a Physics
650 _aScience
856 _uhttps://doaj.org/toc/3d62fab2765a44678743779b91320235
942 _2ddc
942 _cDOAJEJ
999 _c68365
_d68365
945 _a1
_bMadushi Gamage
_c1
_dMadushi Gamage